000 01239nam a2200217Ia 4500
003 Ost
005 20260507075051.0
008 260507s9999||||xx |||||||||||||| ||und||
040 _cfsecg
041 _aara
082 _a657.46
100 _aكراجة، عبد الحليم محمود
_eمؤلف
245 0 _aالمحاسبة الضريبية في الأردن /
_c عبد الحليم محمود كراجة
260 _aعمان:
_bمؤسسة قدسية,
_c1991
300 _a191 صفحة؛
_bإيضاحات ؛
_c24 سم
520 _aمدخل الى المحاسبة الضريبية- خصائص الضريبة على الدخل في الأردن- تحليل الوعاء الضريبي- أسعار الضريبة- تحديد ضريبة الدخل على مختلف المكلفين- مراحل تقدير ضريبة الدخل- أسعار الضريبة- تحصيل ضريبة الدخل والإيرادات- العقوبات والغرامات لعدم الإمتثال للقانون- حصيلة ضريبة الدخل- النماذج المستخدمة في دائرة ضريبة الدخل
653 _aالضرائب- محاسبة
653 _aالمحاسبة
653 _aضريبة الدخل
942 _cكتاب
999 _c42646
_d42646